[Event "Mid Bohemia Region-chT 2223"]
[Site "Czech Republic"]
[Date "2023.04.02"]
[Round "11.8"]
[White "Gergelits, Tomas"]
[Black "Sobotka, Jiri"]
[Result "0-1"]
[WhiteElo "1711"]
[BlackElo "1836"]
[PlyCount "64"]
[EventDate "2022.10.09"]
[EventType "team-tourn"]
[EventRounds "11"]
[EventCountry "CZE"]
[SourceTitle "EXT 2024"]
[Source "ChessBase"]
[SourceDate "2023.10.10"]
[SourceVersion "1"]
[SourceVersionDate "2023.10.10"]
[SourceQuality "1"]
[WhiteTeam "Brodce"]
[BlackTeam "Nymburk Sokol"]
[WhiteTeamCountry "CZE"]
[BlackTeamCountry "CZE"]

1. e4 e5 2. Nf3 Nf6 3. Nxe5 d6 4. Nf3 Nxe4 5. d4 d5 6. Bd3 Nc6 7. Nc3 Nxc3 8. bxc3 Be7 9. Bf4 0-0 10. 0-0 Bg4 11. Rb1 b6 12. h3 Bh5 13. Bf5 Bg6 14. Qd3 Bf6 15. Rfe1 Ne7 16. Bxg6 Nxg6 17. Bg3 Qd7 18. Qa6 c6 19. Re3 Rfe8 20. Rbe1 Rxe3 21. Rxe3 h6 22. Kf1 Ne7 23. Be5 Nf5 24. Re1 Be7 25. Bf4 Bd6 26. Bxd6 Nxd6 27. Ne5 Qc7 28. Re3 Ne4 29. f3 Ng3+ 30. Kf2 Nf5 31. Re1 Re8 32. Ng4 Qg3+ 0-1

[Event "Mid Bohemia Region-chT 2223"]
[Site "Czech Republic"]
[Date "2023.02.26"]
[Round "9.8"]
[White "Kacafirek, Miroslav"]
[Black "Sobotka, Jiri"]
[Result "1/2-1/2"]
[WhiteElo "1916"]
[BlackElo "1836"]
[PlyCount "72"]
[EventDate "2022.10.09"]
[EventType "team-tourn"]
[EventRounds "11"]
[EventCountry "CZE"]
[SourceTitle "EXT 2024"]
[Source "ChessBase"]
[SourceDate "2023.10.10"]
[SourceVersion "1"]
[SourceVersionDate "2023.10.10"]
[SourceQuality "1"]
[WhiteTeam "Kostelec nad CL"]
[BlackTeam "Nymburk Sokol"]
[WhiteTeamCountry "CZE"]
[BlackTeamCountry "CZE"]

1. e4 e5 2. Nf3 Nf6 3. Nxe5 d6 4. Nf3 Nxe4 5. d4 d5 6. Bd3 Nc6 7. 0-0 Be7 8. c4 Nb4 9. Be2 0-0 10. Nc3 Nxc3 11. bxc3 Nc6 12. Bf4 Be6 13. cxd5 Bxd5 14. c4 Bxf3 15. Bxf3 Qxd4 16. Bxc6 Qxd1 17. Raxd1 bxc6 18. Rd7 Bc5 19. Bxc7 Rfe8 20. Rfd1 h6 21. Kf1 Re4 22. Rc1 Rae8 23. Rd8 Rxd8 24. Bxd8 Rd4 25. Ba5 Rd3 26. Bc3 Bd4 27. Bxd4 Rxd4 28. Ke2 g6 29. Rc3 Kg7 30. Ke3 c5 31. g3 h5 32. Ra3 Rxc4 33. Rxa7 Rc2 34. a4 c4 35. a5 c3 36. Rc7 Ra2 1/2-1/2

[Event "Rakovnik Regional-chT 1415"]
[Site "Rakovnik"]
[Date "2015.01.18"]
[Round "6.8"]
[White "Sobotka, Jiri"]
[Black "Nejedly, Jiri"]
[Result "1-0"]
[WhiteElo "1921"]
[BlackElo "1812"]
[PlyCount "73"]
[EventDate "2014.10.19"]
[EventType "team-tourn"]
[EventRounds "11"]
[EventCountry "CZE"]
[SourceTitle "EXT 2016"]
[Source "ChessBase"]
[SourceDate "2015.10.08"]
[SourceVersion "1"]
[SourceVersionDate "2015.10.08"]
[SourceQuality "1"]
[WhiteTeam "Nymburk Sokol"]
[BlackTeam "Neratovice II"]
[WhiteTeamCountry "CZE"]
[BlackTeamCountry "CZE"]

1. e4 e6 2. d4 d5 3. exd5 exd5 4. Nf3 Nf6 5. Bd3 Bd6 6. Bg5 Bg4 7. 0-0 0-0 8. Nbd2 Re8 9. c3 Nbd7 10. Qc2 c6 11. Bxh7+ Kf8 12. Bf5 Bxf5 13. Qxf5 Qc7 14. Qh3 Kg8 15. Rfe1 Bf4 16. Qf5 Nh5 17. Bxf4 Nxf4 18. g3 Ng6 19. Ng5 Nf6 20. Ndf3 Qd7 21. Qxd7 Nxd7 22. Kf1 f6 23. Nh3 Kf7 24. Rxe8 Rxe8 25. Re1 Rh8 26. Nhg1 Nb6 27. h4 Nc4 28. b3 Nd6 29. Nd2 Nb5 30. Ne2 Nd6 31. Nc1 Nb5 32. Ne2 Nd6 33. a4 Ne4 34. Nxe4 dxe4 35. c4 Rd8 36. Rd1 f5 37. Nc3 1-0

[Event "Rakovnik Regional-chT 1415"]
[Site "Rakovnik"]
[Date "2014.11.09"]
[Round "2.8"]
[White "Daniel, Jiri"]
[Black "Sobotka, Jiri"]
[Result "1-0"]
[WhiteElo "1948"]
[BlackElo "1921"]
[PlyCount "119"]
[EventDate "2014.10.19"]
[EventType "team-tourn"]
[EventRounds "11"]
[EventCountry "CZE"]
[SourceTitle "EXT 2016"]
[Source "ChessBase"]
[SourceDate "2015.10.08"]
[SourceVersion "1"]
[SourceVersionDate "2015.10.08"]
[SourceQuality "1"]
[WhiteTeam "Lysa nad Labem IV"]
[BlackTeam "Nymburk Sokol"]
[WhiteTeamCountry "CZE"]
[BlackTeamCountry "CZE"]

1. c4 c5 2. Nc3 Nc6 3. g3 g6 4. Bg2 Bg7 5. e3 d6 6. Nge2 Nf6 7. 0-0 0-0 8. d4 e5 9. dxc5 dxc5 10. Na4 Qe7 11. Nec3 Rd8 12. Qe2 Bf5 13. Nd5 Nxd5 14. cxd5 Nb4 15. e4 Bd7 16. Nc3 Rac8 17. Be3 c4 18. a3 Nd3 19. Bxa7 Qd6 20. Be3 b5 21. Na2 b4 22. axb4 Nxb4 23. Nxb4 Qxb4 24. Rfb1 Rb8 25. Bd2 Qb3 26. Bc3 Ra8 27. Bf1 Bb5 28. Qd2 Ra2 29. Rxa2 Qxa2 30. Qd1 Ra8 31. b3 Ra3 32. Bb4 Ra8 33. d6 c3 34. Bxc3 Bxf1 35. Kxf1 Qa6+ 36. Kg2 Rd8 37. Ra1 Qc6 38. Qf3 Qxd6 39. Ra7 Qe6 40. Ba5 Rb8 41. b4 h5 42. Qc3 Bf8 43. Rc7 h4 44. h3 hxg3 45. Kxg3 Bh6 46. Rc5 Bf4+ 47. Kg2 Kg7 48. Bc7 Rb7 49. Bxe5+ Bxe5 50. Rxe5 Qf6 51. f4 Rb8 52. Qd2 Qb6 53. b5 Qf6 54. Rd5 Kh7 55. Qf2 Ra8 56. b6 Qc6 57. f5 Qf6 58. b7 Rb8 59. Rd7 gxf5 60. Qxf5+ 1-0

[Event "Czechia KP-chTB 0607"]
[Site "Czech Republic"]
[Date "2007.04.01"]
[Round "11.7"]
[White "Vlach, Josef"]
[Black "Sobotka, Jiri"]
[Result "0-1"]
[WhiteElo "1842"]
[BlackElo "1940"]
[PlyCount "94"]
[EventDate "2006.10.29"]
[EventType "team"]
[EventRounds "11"]
[EventCountry "CZE"]
[SourceTitle "EXT 2008"]
[Source "ChessBase"]
[SourceDate "2007.11.25"]
[SourceVersion "1"]
[SourceVersionDate "2007.11.25"]
[SourceQuality "1"]
[WhiteTeam "Ricany III"]
[BlackTeam "Nymburk Sokol"]
[WhiteTeamCountry "CZE"]
[BlackTeamCountry "CZE"]

1. e4 e5 2. Nf3 Nf6 3. Nxe5 d6 4. Nf3 Nxe4 5. Qe2 Qe7 6. d3 Nf6 7. Bg5 Qxe2+ 8. Bxe2 Be7 9. Nc3 c6 10. h3 Na6 11. a3 Nc7 12. Bh4 Bd7 13. 0-0-0 0-0-0 14. Rhe1 h6 15. Bf1 Rhe8 16. Bg3 Bf8 17. Ne4 Nxe4 18. dxe4 Be6 19. Nd4 d5 20. Nxe6 Rxe6 21. exd5 Rxe1 22. Rxe1 Nxd5 23. Bc4 Bd6 24. Bxd6 Rxd6 25. Rd1 Kd7 26. Bxd5 Rxd5 27. Rxd5+ cxd5 28. Kd2 Kd6 29. Kd3 Ke5 30. g3 g5 31. f3 h5 32. c3 f5 33. Ke3 a5 34. a4 h4 35. f4+ gxf4+ 36. gxf4+ Ke6 37. Kd3 Kd7 38. Kd4 Kd6 39. b3 b6 40. b4 b5 41. axb5 a4 42. Kd3 Kc7 43. Kc2 Kb6 44. Kb2 Kxb5 45. Ka3 Kc4 46. Kxa4 Kxc3 47. b5 d4 0-1

[Event "Czechia KP-chTB 0607"]
[Site "Czech Republic"]
[Date "2007.01.07"]
[Round "5.5"]
[White "Pospisil, Evzen"]
[Black "Sobotka, Jiri"]
[Result "1-0"]
[WhiteElo "2109"]
[BlackElo "1940"]
[PlyCount "47"]
[EventDate "2006.10.29"]
[EventType "team"]
[EventRounds "11"]
[EventCountry "CZE"]
[SourceTitle "EXT 2008"]
[Source "ChessBase"]
[SourceDate "2007.11.25"]
[SourceVersion "1"]
[SourceVersionDate "2007.11.25"]
[SourceQuality "1"]
[WhiteTeam "Ricany II"]
[BlackTeam "Nymburk Sokol"]
[WhiteTeamCountry "CZE"]
[BlackTeamCountry "CZE"]

1. d4 d5 2. Bf4 Nf6 3. e3 e6 4. Bd3 c5 5. c3 Nc6 6. Nf3 Be7 7. Nbd2 a6 8. Ne5 Bd7 9. g4 h6 10. h4 Ng8 11. Ndf3 c4 12. Bg6 fxg6 13. Qc2 Qb6 14. Qxg6+ Kd8 15. Qxg7 Be8 16. Qxh8 Nf6 17. 0-0 Ne4 18. Nxc6+ bxc6 19. Qxh6 Qxb2 20. Rab1 Qxa2 21. Rb7 Nxc3 22. Qxe6 Ne2+ 23. Kh2 Qa3 24. Bc7# 1-0